Foundations of nursing / (Record no. 618)
[ view plain ]
| 000 -LEADER | |
|---|---|
| fixed length control field | 00654cam a2200217 a 4500 |
| 001 - CONTROL NUMBER | |
| control field | 652672 |
| 005 - DATE AND TIME OF LATEST TRANSACTION | |
| control field | 20241105095717.0 |
| 008 - FIXED-LENGTH DATA ELEMENTS--GENERAL INFORMATION | |
| fixed length control field | 940503s1995 moua b 001 0 eng c |
| 020 ## - INTERNATIONAL STANDARD BOOK NUMBER | |
| International Standard Book Number | 080167784X |
| 050 00 - LIBRARY OF CONGRESS CALL NUMBER | |
| Classification number | RT62 |
| Item number | .F68 1995 |
| 082 00 - DEWEY DECIMAL CLASSIFICATION NUMBER | |
| Classification number | 610.73 |
| Edition information | 20 |
| 245 00 - TITLE STATEMENT | |
| Title | Foundations of nursing / |
| Statement of responsibility, etc. | edited by Barbara Lauritsen Christensen, Elaine Oden Kockrow. |
| 250 ## - EDITION STATEMENT | |
| Edition statement | 2nd ed. |
| 260 ## - PUBLICATION, DISTRIBUTION, ETC. | |
| Place of publication, distribution, etc. | St. Louis : |
| Name of publisher, distributor, etc. | Mosby Year Book, |
| Date of publication, distribution, etc. | c1995. |
| 300 ## - PHYSICAL DESCRIPTION | |
| Extent | xxxii, 1693 p. : |
| Other physical details | ill. (some col.) ; |
| Dimensions | 29 cm. |
| 650 #0 - SUBJECT ADDED ENTRY--TOPICAL TERM | |
| Topical term or geographic name entry element | Practical nursing. |
| 650 #2 - SUBJECT ADDED ENTRY--TOPICAL TERM | |
| Topical term or geographic name entry element | Nursing. |
| 700 1# - ADDED ENTRY--PERSONAL NAME | |
| Personal name | Christensen, Barbara Lauritsen. |
| 700 1# - ADDED ENTRY--PERSONAL NAME | |
| Personal name | Kockrow, Elaine Oden. |
| 942 ## - ADDED ENTRY ELEMENTS (KOHA) | |
| Source of classification or shelving scheme | Library of Congress Classification |
| Koha item type | Books |
| Suppress in OPAC | No |
| 999 ## - | |
| -- | 618 |
| -- | 618 |
| Withdrawn status | Lost status | Source of classification or shelving scheme | Damaged status | Not for loan | Collection | Home library | Current library | Shelving location | Date acquired | Total checkouts | Full call number | Barcode | Date last seen | Copy number | Price effective from | Koha item type |
|---|---|---|---|---|---|---|---|---|---|---|---|---|---|---|---|---|
| Library of Congress Classification | Non-fiction | Undergraduate Library (Christ Temple) | Undergraduate Library (Christ Temple) | General stacks | 11/05/2024 | RT62.F68 | ulct00000152 | 11/05/2024 | 1 | 11/05/2024 | Books |